| 000 | 00826nam a2200241Ia 4500 | ||
|---|---|---|---|
| 999 |
_c41077 _d41077 |
||
| 001 | 7726 | ||
| 003 | GE_BSU | ||
| 005 | 20221116113049.0 | ||
| 008 | 181216s2006en xx |||||||||||||| ||eng|| | ||
| 020 | _a9781852339401.x | ||
| 040 | _cGE_BSU | ||
| 080 | _a517.2/3 H-68 | ||
| 100 |
_aHirst,Keith E. _914705 |
||
| 245 |
_aCalculus of One Variable / _cKeith E. Hirst, Advisory Board: M.A.J.Chaplain, K.Erdmann, and other. |
||
| 264 |
_aLondon. _bSpringer, _c2006. |
||
| 300 |
_a267 p; _c23 cm. |
||
| 440 |
_aSpringer Undergraduate Mathematics Series: ISSN 1615-2085. _914670 |
||
| 653 | _aCalculus of One Variable. | ||
| 653 | _aერთი ცვლადის გაანგარიშება. | ||
| 700 |
_aChaplain, M.A.J _eAdvisory Board _914672 |
||
| 700 |
_aErdmann, ,K _eAdvisory Board _914673 |
||
| 942 |
_cBK _2udc |
||